| 000 | 01541nam a2200349 i 4500 | ||
|---|---|---|---|
| 001 | 768714001 | ||
| 003 | CO-MdFUSB | ||
| 005 | 20260116085606.0 | ||
| 007 | ta | ||
| 008 | 170525t1981 -us |||| |||| 00| 0 spa d | ||
| 020 | _a0-8024-9043-3 | ||
| 040 |
_aCO-MdFUSB _bspa _cCO-MdFUSB _dCO-MdFUSBC _erda |
||
| 041 | 0 |
_aspa _heng |
|
| 082 | 0 | 4 |
_223 _a220.9 _bW657v |
| 100 | 1 |
_aWight, Fred H. (Hartley) (1899-) _eautor |
|
| 240 | _aManners and customs of Bible lands | ||
| 245 | 0 |
_aUsos y costumbres de las tierras bíblicas _c/ Fred H. Wight ; traducido por Godofredo González |
|
| 264 | 1 |
_aChicago, ILL., USA : _bMoody, _c[1981] |
|
| 264 | 4 | _c©1981 | |
| 300 |
_a334 páginas _c; 21 cm |
||
| 336 |
_2rdacontent _atexto _btxt |
||
| 337 |
_2rdamedia _asin mediación _bn |
||
| 338 |
_2rdacarrier _avolumen _bnc |
||
| 505 | _aMoradores de tiendas de campaña. -- Casas de un solo cuarto. -- Casas de más de una pieza. -- Alimentos y modo de prepararlos. -- Costumbres a la hora de las comidas. -- Cenas y banquetes especiales. -- Disposición oriental para agasajar un huésped. -- Programa diario de actividades. -- Vestidos y ornamentos. -- Enfermedades en las tierras bíblicas. -- La muerte en las tierras orientales. -- Cuidado de las viñas. -- Animales domésticos. -- La esclavitud en tiempos bíblicos. | ||
| 563 | _aRústico | ||
| 650 | 0 |
_aBiblia _916 |
|
| 650 | 7 |
_aReligión _9385 |
|
| 653 | _aBiblia - Usos y costumbres | ||
| 700 |
_aGonzález, Godofredo, _912131 _etraductor |
||
| 942 | _cBK | ||
| 945 | _aJTF-925 | ||
| 999 |
_c32922 _d32922 |
||